MARC
|
|
|
|
| LEADER |
00000nam0a2200000 4500 |
| 001 |
202611 |
| 005 |
20231031185415.0 |
| 010 |
|
|
|a 5203008523
|
| 020 |
|
|
|a RU
|b 91-26168
|
| 035 |
|
|
|a (RuTPU)RU\TPU\book\220777
|
| 090 |
|
|
|a 202611
|
| 100 |
|
|
|a 20111015d1991 m a0rusy5003 ca
|
| 101 |
0 |
|
|a rus
|
| 102 |
|
|
|a RU
|
| 105 |
|
|
|a c z 001zy
|
| 200 |
1 |
|
|a Записки командующего фронтом
|f И. С. Конев
|
| 210 |
|
|
|a Москва
|c Воениздат
|d 1991
|
| 215 |
|
|
|a 600,[2] с., [16] л. ил.
|c ил.
|d 22 см
|
| 225 |
1 |
|
|a 50 лет Победы
|
| 225 |
1 |
|
|a Библиотека избранных военных мемуаров
|
| 610 |
1 |
|
|a Великая Отечественная война 1941-1945 гг.
|
| 610 |
1 |
|
|a военные операции
|
| 610 |
1 |
|
|a Степной фронт
|
| 610 |
1 |
|
|a Украинский фронт
|
| 610 |
1 |
|
|a воспоминания
|
| 686 |
|
|
|a Т3(2)722.4
|2 rubbk
|
| 700 |
|
1 |
|a Конев
|b И. С.
|g Иван Степанович
|4 070
|
| 801 |
|
0 |
|a RU
|b RuMRKP
|c 19950417
|g psbo
|
| 801 |
|
1 |
|a RU
|b 63413507
|c 20111015
|
| 801 |
|
2 |
|a RU
|b 63413507
|c 20140304
|g RCR
|
| 942 |
|
|
|c BK
|